000 00609nam a2200181 4500
001 148149
003 ES-MaACL
005 20240224063112.0
007 t|
008 070214s1977 sp r ||||1| spa d
100 1 _aStalin, Iosif Vissarionovich,
_d1879-1953
_9107862
245 1 3 _aEl marxismo, la cuestión nacional y la lingüística /
_cIosif Vissarionovich Stalin ; versión de Editorial Progreso.
260 _aMadrid :
_bAkal,
_c1977.
300 _a140 p. ;
_c18 cm.
710 0 0 _aEditorial Progreso (Moscú)
_93448
852 _aES-MaACL
_jA-7017
_bR.95672
999 _c148149
_d148149